| 000 | 00538nam a22001937a 4500 | ||
|---|---|---|---|
| 003 | OSt | ||
| 005 | 20220107122858.0 | ||
| 008 | 200306b xxu||||| |||| 00| 0 eng d | ||
| 020 | _a9780198828044 | ||
| 040 | _cIIITMK | ||
| 082 | _a006.31 TRA/F | ||
| 100 |
_aTrappenberg, Thomas P _917843 |
||
| 245 |
_aFundamentals of machine learning _cThomas P Trappenberg |
||
| 260 |
_aNew York, _bOxford University Press, _c2020. |
||
| 300 | _axi, 247p. | ||
| 650 |
_aCOMPUTER SCIENCE _918054 |
||
| 650 |
_aMACHINE LEARNING _918055 |
||
| 942 |
_2ddc _cBK |
||
| 999 |
_c6755 _d6755 |
||